- Correa Zapata, Dolores,
Entry Nombre Personal
001 - NUMERO DE CONTROL
- campo de control: 52321
003 - IDENTIFICADOR DE NUMERO DE CONTROL
- campo de control: DLC
005 - FECHA Y HORA DE LA ÜLTIMA TRANSACCIÓN
- campo de control: 20240611152756.0
008 - DATOS DE LONGITUD FIJA
- campo de control de longitud fija: 980423n| azannaabn |a aaa c
010 ## - NÚMERO DE CONTROL DE LA BIBLIOTECA DEL CONGRESO
- Número de control LC: no 98080721
035 ## - NUMERO DE CONTROL
- Número de control: (CaEvSKY)skya5354774
035 ## - NUMERO DE CONTROL
- Número de control: (OCoLC)oca04712392
040 ## - FUENTE DE CATALOGACIÓN
- Agencia original de catalogación: FU
- Lenguaje de catalogación: spa
- Description conventions: rda
- Agencia de transcripción: FU
- Agencia que lo modifica: OCoLC
- Agencia que lo modifica: DLC
- Agencia que lo modifica: MX-MxITA
- Agencia que lo modifica: HU
- Agencia que lo modifica: MX-MxUPN
046 ## - FECHAS CON CODIFICACIÓN ESPECIAL
- Fecha de nacimiento: 1853-02-23
- Fecha de muerte: 1924
- Fuente del formato de fecha: edtf
100 1# - ENCABEZAMIENTO - NOMBRE PERSONAL
- Nombre personal: Correa Zapata, Dolores,
- Fechas asociadas con el nombre: 1853-1924
370 ## - LUGAR ASOCIADO
- Associated country: México
372 ## - CAMPO DE ACTIVIDAD
- Field of activity: Educación
- Field of activity: Poesía mexicana
374 ## - OCUPACIÓN
- Occupation: Educadora
- Occupation: Poeta
377 ## - LENGUA ASOCIADA
- Language code: spa
400 1# - VEÁSE - NOMBRE DE PERSONA
- Personal name: Correa, Dolores,
- Dates associated with a name: 1853-1924
400 1# - VEÁSE - NOMBRE DE PERSONA
- Personal name: Correa y Zapata, Dolores,
- Dates associated with a name: 1853-1924
670 ## - FUENTE EN LA QUE SE LOCALIZARON DATOS
- Cita de la fuente: Correa Zapata, Dolores. Estelas y bosquejos, 1997:
- Información localizada: portada (Dolores Correa Zapata) p. 4 of cover (b. 1853, d. 1924)
670 ## - FUENTE EN LA QUE SE LOCALIZARON DATOS
- Cita de la fuente: Rita Cetina, Dolores Correa, Laura Méndez, Rosaura Zapata, 2015:
- Información localizada: p. 46-47 (Dolores Correa Zapata; Dolores Correa y Zapata; 1853-1924; teacher) p. 49, etc. (b. Feb. 23, 1853, in southeastern Mexico; includes excerpts of poems by her in Spanish; lists publications by her on education and in poetry anthologies)
670 ## - FUENTE EN LA QUE SE LOCALIZARON DATOS
- Cita de la fuente: Moral. Instrucción cívica. Nociones de economía política : para la escuela mexicana, 1898:
- Información localizada: portada (Dolores Correa Zapata)
902 ## - CATALOGADOR
- Catalogador: Víctor Ruiz/110624
